| 000 | 01090naa a2200301 c 4500 | ||
|---|---|---|---|
| 001 | 30084 | ||
| 003 | ES-MaCES | ||
| 005 | 20150925135651.0 | ||
| 008 | 960712n1996 sp ||| | spa d | ||
| 035 | _aCES19980040318v | ||
| 040 |
_aES-MaCES _bspa _cES-MaCES |
||
| 100 | 1 |
_aCámara Botía, Alberto _98792 |
|
| 245 | 1 | 0 |
_aContrato de trabajo y agencia mercantil _b: ¿modificación de las fronteras del contrato de trabajo? _cAlberto Cámara Botía |
| 650 | 4 |
_acomentario _928971 |
|
| 650 | 4 |
_alegislación _927153 |
|
| 650 | 4 |
_aEspaña _926964 |
|
| 650 | 4 |
_arégimen jurídico _929894 |
|
| 650 | 4 |
_acontrato de trabajo _928316 |
|
| 650 | 4 |
_aempresario _928188 |
|
| 650 | 4 |
_aviajante de comercio _930071 |
|
| 650 | 4 |
_aagentes vendedores _930072 |
|
| 653 | 1 | 0 | _aDerecho del trabajo y Seguridad Social |
| 650 | 4 |
_928369 _arelaciones laborales |
|
| 773 | 0 |
_tRevista española de Derecho del trabajo _gMadrid. - N. 77 (mayo-jun. 1996) ; p. 449-489 _w(ES-MaCES)25060 |
|
| 902 | _aART Artículo de revista | ||
| 942 |
_2CES _cAR _h6.0.1. |
||
| 999 |
_c30084 _d30084 |
||